000 00236nam a2200097Ia 4500
008 190216s9999||||xx |||||||||||||| ||und||
100 _aAbdurahiman C
245 0 _aGanitha Shashthra Praveshika
260 _bKerala Basha Inst
942 _cBK
999 _c37722
_d37722